Linux : (Record no. 600321)
[ view plain ]
| 000 -LEADER | |
|---|---|
| fixed length control field | 00262nam a2200109Ia 4500 |
| 008 - FIXED-LENGTH DATA ELEMENTS--GENERAL INFORMATION | |
| fixed length control field | 230907s9999||||xx |||||||||||||| ||und|| |
| 082 ## - DEWEY DECIMAL CLASSIFICATION NUMBER | |
| Classification number | 5.446 |
| Author Mark | SAR |
| 100 ## - MAIN ENTRY--PERSONAL NAME | |
| Personal name | Sarwar, Syed Mansoor, |
| 9 (RLIN) | 112451 |
| 245 #0 - TITLE STATEMENT | |
| Title | Linux : |
| 300 ## - PHYSICAL DESCRIPTION | |
| Extent | xxviii, 658 pages ; |
| 942 ## - ADDED ENTRY ELEMENTS (KOHA) | |
| Koha item type | Book |
| Withdrawn status | Lost status | Damaged status | Not for loan | Permanent Location | Current Location | Date acquired | Total Checkouts | Full call number | Barcode | Date last seen | Price effective from | Koha item type |
|---|---|---|---|---|---|---|---|---|---|---|---|---|
| US-Pakistan Center for Advanced Studies in Energy (USPCAS-E) | US-Pakistan Center for Advanced Studies in Energy (USPCAS-E) | 11/11/2019 | 005.446 SAR | CAS-E0004420 | 09/12/2023 | 09/12/2023 | Book |
